Ant fauna (<Hymenoptera: Formicidae>) of kirindy forest (<tropical dry forest>) in western Madagascar (Registro nro. 9110)

Detalles MARC
000 -CABECERA
Campo de control 005860000a22001930004500
090 ## - CLASIFICACIÓN LOCAL
Colección AR
Consecutivo 00007
041 0# - IDIOMA
Código de idioma para texto/pista de sonido o título separado
100 1# - ASIENTO PRINCIPAL--NOMBRE PERSONAL
Nombre personal Olson, David M.
245 10 - MENCION DE TITULO
Título Ant fauna (<Hymenoptera: Formicidae>) of kirindy forest (<tropical dry forest>) in western Madagascar
650 14 - ASIENTO SECUNDARIO DE MATERIA - TERMINO TEMATICO
Término temático o nombre geográfico como elemento de entrada Hormigas
650 14 - ASIENTO SECUNDARIO DE MATERIA - TERMINO TEMATICO
Término temático o nombre geográfico como elemento de entrada Insectos
650 14 - ASIENTO SECUNDARIO DE MATERIA - TERMINO TEMATICO
Término temático o nombre geográfico como elemento de entrada Entomología
650 14 - ASIENTO SECUNDARIO DE MATERIA - TERMINO TEMATICO
Término temático o nombre geográfico como elemento de entrada Bosques tropicales
651 #4 - ASIENTO SECUNDARIO DE MATERIA - NOMBRE GEOGRAFICO
-- Madagascar
653 ## - TERMINO DE INDIZACION - NO CONTROLADO
-- Formicidae
-- hormiga
700 1# - ASIENTO SECUNDARIO - NOMBRE PERSONAL
Nombre personal Ward, P. S.
773 1# - Item fuente:
Título Primate Report
Especificación de materiales 4
Descripción física 1
Paginas del Articulo 161-171
Lugar, editorial y fecha de publicación 1996
Información sobre la relación 46
942 ## - ELEMENTOS ADICIONALES (KOHA)
Tipo de ítem Artículo
Existencias
Withdrawn status Lost status Sistema de Clasificación Damaged status No para préstamo Colección Ubicación Permanente Ubicación actual Fecha de adquisición Total Checkouts Número topográfico Inventario / Código de Barras Date last seen Ejemplar Price effective from Tipo de material
    Dewey Decimal Classification   No para Préstamo Hemeroteca Bogotá Bogotá 27/02/2015   AR 00007 Fuera de circulación 010224 25/03/2015 1 25/03/2015 Artículo